000 00531nam a2200217Ia 4500
003 OSt
005 20220928105958.0
006 a|||||r|||| 00| 0
007 ta
008 220927b |||||||| |||| 00| 0 eng d
024 _a49010
037 _cTextual
040 _aSDCL
_cSDCL
_beng
041 _2eng
_aeng
100 _aShukal Pram Narayna
_9417531
245 0 _aSant Sahitya.
260 _aKanpur
_bGrntham
_c1965
300 _a412p.
_ccm.
942 _cTEXL
_2CC
999 _c733527
_d733527